Vista normal Vista MARC
  • Nieto, Diego I.

Entrada Nombre personal

Número de registros utilizados en: 2

001 - NÚMERO DE CONTROL

  • campo de control: 41872

003 - IDENTIFICADOR DEL NÚMERO DE CONTROL

  • campo de control: OSt

005 - FECHA Y HORA DE LA ÚLTIMA TRANSACCIÓN

  • campo de control: 20200109115235.0

008 - DATOS DE LONGITUD FIJA

  • campo de control de longitud fija: 200109|| aca||aabn | a|a d

040 ## - FUENTE DE LA CATALOGACIÓN

  • Centro catalogador/agencia de origen: OSt
  • Centro/agencia transcriptor: OSt

100 ## - ENCABEZAMIENTO-NOMBRE DE PERSONA

  • Nombre de persona: Nieto, Diego I.

670 ## - FUENTE DE DATOS ENCONTRADOS

  • Cita de la fuente: Work cat.: (OSt)26551: García N., Jesús A. 37117, Eficiencia de recuperación del aceite en función de la configuración geométrica y del tiempo de residencia en equipos preclarificadores, 2009